00373nam a2200133Ia 4500003000400000005001700004008004100021040000600062100002800068245008200096260004400178300000600222490001100228OSt20250401153240.0201217s9999 xx 000 0 und d c. aHarvard Business Review 0aHarvard Business Review on human relations : Classic Advice on Leadership  aNew YorkbHarvard Business School Press a0 vVol. 4